Top 5 Universities in Alabama by Category - Statistics

General Stats
  • This quiz has been taken 23 times
  • The average score is 15 of 20
Answer Stats
Hint Answer % Correct
Football Program #1 Alabama-Tuscaloosa
100%
BBL Program #1 Alabama-Tuscaloosa
100%
Academics #3 Alabama-Tuscaloosa
100%
Highest SAT Requirements #4 Alabama-Tuscaloosa
100%
Football Program #2 Auburn
95%
BBL Program #2 Auburn
95%
Academics #1 Auburn
95%
Highest SAT Requirements #2 Auburn
95%
Football Program #3 Alabama-Birmingham
90%
BBL Program #3 Alabama-Birmingham
90%
Academics #4 Alabama-Birmingham
90%
Highest SAT Requirements #3 Alabama-Birmingham
90%
Football Program #4 Troy
80%
Academics #5 Alabama-Huntsville
55%
Highest SAT Requirements #1 Alabama-Huntsville
55%
BBL Program #5 Jacksonville State
55%
Football Program #5 South Alabama
55%
BBL Program #4 South Alabama
55%
Academics #2 Samford
35%
Highest SAT Requirements #5 Judson College
5%
No matching quizzes found
Score Distribution
Percent of People with Each Score
Percentile by Number Answered
Your Score History
You have not taken this quiz